000 00237nam a2200121Ia 4500
100 _aPower
942 _cBK
245 _aPower Generation System
260 _bMcGraw Hill
_c2001
082 _a621.3
300 _a396
546 _aENGLISH
999 _c20975
_d20975